| 000 | 00478nam a2200169Ia 4500 | ||
|---|---|---|---|
| 008 | 190717s9999 xx 000 0 und d | ||
| 100 | _aHinunangan, Thaddeus | ||
| 245 | _aChasing the sun/ | ||
| 245 | _cThaddeus Hinunangan | ||
| 260 | _bFAME Inc. | ||
| 260 | _c2018 | ||
| 300 | _aPages 30-31, June 2018 | ||
| 440 |
_aHealth and Lifestyle: The Enabler of Dreams _v12/30/1899 5:06:00 PM |
||
| 650 | _aSun Protection factor (SPF) | ||
| 650 | _asunblock | ||
| 650 | _aUV rays | ||
| 999 |
_c361969 _d361969 |
||